| 000 | 00350nab a22001097u 4500 | ||
|---|---|---|---|
| 008 | 130520b2003 xxu||||| |||| 00| 0 spa d | ||
| 041 | _aspa | ||
| 100 | 1 |
_aGriffith-Dickson, Gwen _971382 |
|
| 245 | 0 | 0 |
_a¿Es la religión una invención ocidental? _cGwen Griffith-Dickson |
| 773 | 0 |
_tConcilium _gnº302,2003,págs. 15-26 _x0210-1041 _wRev134 |
|
| 942 | _cAR | ||
| 999 |
_c366195 _d366195 |
||